| 000 | 00586cam a2200169 a 4500 | ||
|---|---|---|---|
| 082 | 0 | 0 |
_a665.4 _bASP _cNUST-01, P-95 |
| 245 | 0 | 0 |
_aAsphalt science and technology / _cedited by Arthur M. Usmani. |
| 260 |
_aNew York : _bMarcel Dekker, _cc1997. |
||
| 300 |
_axi, 526 p. : _bill. ; _c24 cm. |
||
| 500 | _aIncludes bibliographical references and index. | ||
| 526 |
_a0 _b0 _c0 _d665_400000000000000_ASP |
||
| 650 | 0 |
_aAsphalt. _921214 |
|
| 650 | 0 |
_aMCE _9379 |
|
| 700 | 1 |
_aUsmani, Arthur M., _944812 |
|
| 856 | 4 | 2 | _uhttp://www.loc.gov/catdir/enhancements/fy0647/97022475-d.html |
| 942 |
_2ddc _cBK |
||
| 999 |
_c548490 _d548490 |
||